| 000 | 01727nam a22002897a 4500 | ||
|---|---|---|---|
| 003 | NALT | ||
| 005 | 20240507084203.0 | ||
| 008 | s2549 th o tha d | ||
| 040 | _aNALT | ||
| 041 | _atha | ||
| 086 | _aนร 07 3.5 352.4 2550 | ||
| 110 | 2 |
_aสำนักนายกรัฐมนตรี. _9619 _bสำนักงบประมาณ |
|
| 245 | 1 | 0 |
_aเอกสารงบประมาณ ฉบับที่ 5 รายงานการคลังประจำปีงบประมาณ พ.ศ. 2550 รายงานการคลังทั่วไป เงินและทรัพย์สินช่วยราชการ การช่วยเหลือจากต่างประเทศ รัฐวิสาหกิจ เงินทุนหมุนเวียน / _cสำนักงบประมาณ. |
| 260 |
_aกรุงเทพฯ : _bสำนักงบประมาณ, _c2549. |
||
| 300 |
_a642 หน้า : _bตาราง ; _c26 ซม. |
||
| 610 | 2 | 4 |
_aรัฐวิสาหกิจ _951749 _xงบประมาณ _y2550 |
| 650 | 4 |
_aหนี้สาธารณะ _9190 |
|
| 650 | 0 |
_aการคลัง _zไทย _95461 |
|
| 650 | 0 |
_aเงินทุนหมุนเวียน _99034 |
|
| 650 | 4 |
_aทรัพย์สินช่วยราชการ _951195 |
|
| 650 | 4 |
_aรายงานการคลัง _951750 _y2550 |
|
| 650 | 0 |
_aงบประมาณรายจ่าย _y2550 _951700 |
|
| 650 | 4 |
_aงบประมาณ _951697 _zไทย _y2550 |
|
| 850 | _aNALT | ||
| 942 |
_cGOV _2local |
||
| 998 |
_cDAO _j1020 _k จำเรียง ระวังสำโรง |
||
| 999 |
_c49630 _d49630 |
||